Codes postaux par centaines : villes de la région Midi-Pyrénées - Statistiques

Statistiques générales
  • Ce quiz a été pris 35 fois
  • Le résultat moyen est 29 sur 67
Statistiques - réponses
Département Code postal Ville % Correct
Aveyron 12000 Rodez
91%
Haute-Garonne 31000 Toulouse
88%
Gers 32000 Auch
85%
Lot 46000 Cahors
82%
Hautes-Pyrénées 65000 Tarbes
82%
Ariège 09000 Foix
79%
Tarn-et-Garonne 82000 Montauban
79%
Hautes-Pyrénées 65100 Lourdes
76%
Ariège 09100 Pamiers
76%
Tarn 81000 Albi
73%
Tarn 81100 Castres
73%
Aveyron 12100 Millau
73%
Ariège 09200 Saint-Girons
73%
Gers 32100 Condom
70%
Hautes-Pyrénées 65300 Lannemezan
70%
Haute-Garonne 31800 Saint-Gaudens
70%
Haute-Garonne 31600 Muret
67%
Hautes-Pyrénées 65200 Bagnères-de-Bigorre
64%
Tarn-et-Garonne 82100 Castelsarrasin
64%
Lot 46100 Figeac
61%
Aveyron 12200 Villefranche-de-Rouergue
61%
Gers 32300 Mirande
58%
Hautes-Pyrénées 65400 Argelès-Gazost
55%
Haute-Garonne 31700 Blagnac
55%
Lot 46300 Gourdon
55%
Tarn 81200 Mazamet
55%
Aveyron 12400 Saint-Affrique
55%
Aveyron 12300 Decazeville
52%
Gers 32600 L'Isle-Jourdain
52%
Tarn 81600 Gaillac
48%
Tarn-et-Garonne 82200 Moissac
48%
Gers 32700 Lectoure
45%
Tarn 81500 Lavaur
42%
Ariège 09400 Tarascon-sur-Ariège
42%
Tarn 81400 Carmaux
36%
Tarn-et-Garonne 82300 Caussade
36%
Aveyron 12500 Espalion
33%
Ariège 09300 Lavelanet
33%
Ariège 09700 Saverdun
33%
Gers 32800 Eauze
30%
Lot 46500 Gramat
30%
Tarn 81300 Graulhet
30%
Gers 32500 Fleurance
27%
Lot 46200 Souillac
27%
Hautes-Pyrénées 65500 Vic-en-Bigorre
27%
Aveyron 12700 Capdenac-Gare
24%
Hautes-Pyrénées 65800 Aureilhan
21%
Ariège 09500 Mirepoix
21%
Tarn 81800 Rabastens
21%
Tarn-et-Garonne 82400 Valence
21%
Gers 32200 Gimont
18%
Hautes-Pyrénées 65700 Maubourguet
18%
Tarn-et-Garonne 82700 Montech
18%
Lot 46400 Saint-Céré
18%
Tarn-et-Garonne 82500 Beaumont-de-Lomagne
15%
Gers 32400 Riscle
15%
Hautes-Pyrénées 65600 Séméac
15%
Tarn-et-Garonne 82800 Nègrepelisse
12%
Lot 46800 Montcuq-en-Quercy-Blanc
9%
Aveyron 12600 Mur-de-Barrez / Brommat
9%
Aveyron 12800 Naucelle
9%
Tarn 81700 Puylaurens
9%
Lot 46700 Puy-l'Évêque
9%
Lot 46600 Martel
6%
Tarn-et-Garonne 82600 Verdun-sur-Garonne
6%
Ariège 09800 Castillon-en-Couserans / Engomer
3%
Ariège 09600 Laroque-d'Olmes
3%
Aucun quiz correspondant
Distribution des résultats
% des personnes avec chaque résultat
Percentile par nombre de réponses
Votre historique - résultats
Vous n’avez pas pris ce quiz